|
|
|
|
| LEADER |
00000nam a2200000 a 4500 |
| 001 |
vtls001379180 |
| 003 |
SK-MaSNL |
| 005 |
20260301201452.0 |
| 008 |
251124s1999 RU r 0 rus |
| 020 |
|
|
|a 5879050912
|c [45,00]
|
| 035 |
|
|
|a SNK000333149
|
| 040 |
|
|
|a SNK
|b slo
|c SNK
|e AACR2
|
| 044 |
|
|
|a RU
|
| 080 |
|
|
|a 323.1(4-191.2)"17/19"
|2 1981
|
| 100 |
1 |
|
|a Frejdzon, V.I.
|4 aut
|9 582115
|
| 245 |
1 |
|
|a Nacija do nacional'nogo gosudarstva
|b istoriko-sociologičeskij očerk Central'noj Jevropy 18 v. - načala 20 v.
|c V.I. Frejdzon
|
| 260 |
|
|
|a Dubna
|b Feniks
|c 1999
|
| 300 |
|
|
|a 94 s.
|c 24 cm
|
| 648 |
|
7 |
|a 18.-20. storočie
|2 SNK
|9 277626
|
| 650 |
0 |
7 |
|a národnosti
|2 SNKPH
|9 4722
|
| 650 |
0 |
7 |
|a dejiny
|2 SNKPH
|9 3825
|
| 650 |
0 |
7 |
|a sociologické aspekty
|2 SNKPH
|9 67369
|
| 651 |
|
7 |
|a Európa stredná
|2 SNKPHgeo
|9 23970
|
| 919 |
|
|
|a 5-87905-091-2
|
| 999 |
|
|
|c 894949
|d 896879
|
| 952 |
|
|
|t P60, <04>, [BOOK], {604}
|a SNK
|b SNK
|y VYP
|7 0
|p 17A0226421
|o snkIC 128330
|i snkV 166/2000
|0 0
|1 0
|4 0
|d 2000-02-04
|l 0
|r 2005-01-02 00:00:00
|w 2026-02-24
|